Compte rendu des débats <L'>Assemblée parlementaire

Gespeichert in:
Bibliographische Detailangaben
Format: Buch
Sprache:Französisch
Veröffentlicht: Strasbourg Conseil de l'Europe 1980
Tags: Tag hinzufügen
Keine Tags, Fügen Sie das erste Tag hinzu!

MARC

LEADER 00000nam a2200000 4500
001 c142693
005 20250606084105.6
041 0 |a fre 
044 |a FR 
245 1 0 |a Compte rendu des débats  |b <L'>Assemblée parlementaire 
264 1 |a Strasbourg  |b Conseil de l'Europe  |c 1980 
300 |a Prer. s.